PSG Quiz - Statistiques

Statistiques générales
  • Ce quiz a été pris 20 fois
  • Le résultat moyen est 14 sur 15
Statistiques - réponses
Hint Réponse % Correct
En quelle année le PSG a-t-il été fondé ? 1970
100%
La date exacte ? 31/05/2025
100%
Score de la final de la LDC 2025 ? 5-0
100%
quelle est le ballon d'or 2025 ? Dembele
100%
Contre qui ont t-il joué cette final ? inter milan
100%
Dans quel stade joue le PSG ? Le Parc des Princes
100%
Quel est le nom du président du PSG depuis 2011 ? Nasser Al-Khelaïfi
100%
Quel est le rival historique du PSG ? Olympique de Marseille
100%
En quelle année Mbappé a t-il quité le PSG ? 2024
95%
Qui est l'entraineur ? Luis Enerique
95%
En quelle année le PSG a remporter sa 1er ldc ? 2025
89%
Le deuxieme gardien ? Chevalier
89%
Qui est le meilleur buteur de l'histoire du PSG ? Kylian Mbappé
89%
Quel joueur est surnommé « O Monstro » ? Thiago Silva
89%
Quelle est le gardien ? Safonov
79%
Aucun quiz correspondant
Distribution des résultats
% des personnes avec chaque résultat
Percentile par nombre de réponses
Votre historique - résultats
Vous n’avez pas pris ce quiz